| 000 | 01039nam a2200241Ia 4500 | ||
|---|---|---|---|
| 001 | 001.2- GUI je ar (4859) | ||
| 003 | IT-MiSPE | ||
| 008 | 171229s9999||||xx |||||||||||||| ||und|| | ||
| 040 |
_aIT-MiSPE _cIT-MiSPE |
||
| 041 | _aITALIANO | ||
| 100 | _aJean Guitton | ||
| 240 | _aApprendre à vivre et à penser | ||
| 245 | 0 | _aL'arte di vivere e di pensare | |
| 250 | _a1a ed. (v) | ||
| 260 |
_aRoma _bEdizioni Paoline _c1959 (st.) |
||
| 300 |
_a115 p. _c18 cm |
||
| 490 |
_aPsychologica: II _v66 |
||
| 501 | _aEdizioni San Paolo srl - Piazza Soncino, 5 - 20092 CINISELLO BALSAMO (MI) (non commercial uses only) ® Copyright 2018 | ||
| 700 | _aBenedettine di S. Caterina (PG) | ||
| 942 | _cBK | ||
| 957 | _71 | ||
| 999 |
_a20833 _bNO _g Copie: 1 _c336897 _d336897 |
||